Library Banner

Pakistan kay Urdu akhbarat aur rasail/ (Record no. 98503)

MARC details
000 -LEADER
fixed length control field 00403nam a22001337a 4500
005 - DATE AND TIME OF LATEST TRANSACTION
control field 20170926110112.0
008 - FIXED-LENGTH DATA ELEMENTS--GENERAL INFORMATION
fixed length control field 170926b xxu||||| |||| 00| 0 eng d
040 ## - CATALOGING SOURCE
Transcribing agency PK-LaUMT
082 ## - DEWEY DECIMAL CLASSIFICATION NUMBER
Classification number PKAC 070.5722016
Item number PAK-
245 ## - TITLE STATEMENT
Title Pakistan kay Urdu akhbarat aur rasail/
Statement of responsibility, etc Mehmood ul Hasan(Compiled)
260 ## - PUBLICATION, DISTRIBUTION, ETC. (IMPRINT)
Place of publication, distribution, etc اسلام آباد:
Name of publisher, distributor, etc مقتدرہ قومی زبان،
Date of publication, distribution, etc 1985
300 ## - PHYSICAL DESCRIPTION
Extent 256 ص
942 ## - ADDED ENTRY ELEMENTS (KOHA)
Koha item type Books
Holdings
Withdrawn status Lost status Damaged status Home library Current library Date acquired Full call number Barcode Date last seen Copy number Price effective from Koha item type
      UMT Main Campus UMT Main Campus 2017-09-26 PKAC 070.5722016 PAK- 114386 2017-09-26 V-1 2017-09-26 Books
      UMT Main Campus UMT Main Campus 2017-09-26 PKAC 070.5722016 PAK- 114387 2017-09-26 V-2 2017-09-26 Books